书目信息 |
| 题名: |
固体物理学
|
|
| 作者: | 方俊鑫 , 陆栋 主编 | |
| 分册: | 上册 | |
| 出版信息: | 上海 上海科学技术出版社 1962 |
|
| 页数: | 348页 | |
| 开本: | 21cm | |
| 丛书名: | ||
| 单 册: | ||
| 中图分类: | O48 | |
| 科图分类: | ||
| 主题词: | 固体物理学 | |
| 电子资源: | ||
| ISBN: | ||
| 000 | 00670nam0 2200253 45 | |
| 001 | 0180005277 | |
| 005 | 20040518090125.6 | |
| 010 | @dCNY1.25 | |
| 091 | @a13119.891 | |
| 100 | @a19950623d1962 em y0chiy0121 ea | |
| 101 | 0 | @achi |
| 102 | @aCN@b310000 | |
| 105 | @ay z 000yy | |
| 106 | @ar | |
| 200 | 10 | @a固体物理学@h上册@Agu ti wu li xue@f方俊鑫,陆栋主编@FFang Jun Xin,Lu Dong Zhu Bian |
| 210 | @a上海@c上海科学技术出版社@d1962 | |
| 215 | @a348页@d21cm | |
| 606 | @a固体物理学 | |
| 690 | @aO48@v3 | |
| 701 | 0 | @a方俊鑫@4主编 |
| 701 | 0 | @a陆栋@4主编 |
| 801 | 0 | @aCN@b上海图书馆@c20040518 |
| 801 | 2 | @aCN@bNLC@c20040518 |
| 905 | @dO48@e11:1@f2@b36712-713 | |
| 固体物理学.上册/方俊鑫,陆栋主编.-上海:上海科学技术出版社,1962 |
| 348页;21cm |
| ISBN :CNY1.25 |
| ● |
| 相关链接 |
|
|
|
|
正题名:固体物理学
索取号:O48/11:1
 
预约/预借
| 序号 | 登录号 | 条形码 | 馆藏地/架位号 | 状态 | 备注 |
| 1 | 0036712 | 001452822 | 第三借阅区/ [索取号:O48/11:1] |
已借出,限还日期为2018.08.20 借出人:杨会静 |
|
| 2 | 0036713 | 001452831 | 第三借阅区/ [索取号:O48/11:1] | 在馆 | |
| 3 | 0036714 | 001452895 | 第二样本阅览室/ [索取号:O48/11:1] | 在馆 |